Cloenda de Les nits del Palau Güell : recordant William Shakespeare recordant William Shakespeare
Descripción Física:
1 díptic ; il·lustracions color ; 15 x 21 cm
Idioma:
Catalán
MARC
| LEADER | 00000nam a22000007a 4500 | ||
|---|---|---|---|
| 001 | 27891 | ||
| 003 | Arxiu | ||
| 005 | 20260324181516.0 | ||
| 008 | 230522b spa||||| |||| 00| 0 cat d | ||
| 017 | |a B 20185-2014 | ||
| 040 | |a agdb |b cat | ||
| 110 | 2 | |9 17034 |a Palau Güell (Barcelona) | |
| 245 | |a Cloenda de Les nits del Palau Güell : |b recordant William Shakespeare | ||
| 260 | |a Barcelona : |b Palau Güell : |b Diputació de Barcelona ; |c 2014 | ||
| 300 | |a 1 díptic ; |b il·lustracions color ; |c 15 x 21 cm | ||
| 500 | |a Fulletó del recital musicat amb fragments de l'obra de William Shakespeare realitzat el 29 de setembre de 2014. | ||
| 610 | 2 | 0 | |9 52964 |a Palau Güell (Barcelona) |x Activitats culturals |
| 710 | 1 | |a Barcelona (Catalunya : Província). |b Diputació |9 52408 | |
| 942 | |2 udc |c ARXIU |n 1 | ||
| 952 | |0 0 |1 0 |2 udc |4 0 |6 FU75115 |7 1 |9 66375 |a Arxiu |b Arxiu |d 2023-05-22 |l 0 |o FU-75-115 |p 27891 |r 2023-05-22 00:00:00 |w 2023-05-22 |y ARXIU | ||
| 999 | |c 83735 |d 83735 | ||